| 000 | 00664nam a22002057a 4500 | ||
|---|---|---|---|
| 005 | 20251108173139.0 | ||
| 008 | 250721s2004 xx 000 0 ara d | ||
| 020 | _a9960795659 | ||
| 082 | 1 | 4 | _a920.7/ علا |
| 100 | 1 |
_aالعلاونة، أحمد _eمؤلف |
|
| 245 | 1 | 0 | _aتطريز الكساء في التساوي بين أسماء الرجال و النساء / |
| 264 | 1 |
_aالرياض : _bمكتبة و دار ابن جزم للنشر و التوزيع، _c2004. |
|
| 300 | _a339ص. | ||
| 650 | 1 | 7 | _aالتراجم |
| 650 | 1 | 7 | _aالنساء |
| 650 | 1 | 7 | _aالرجال |
| 650 | 1 | 7 | _aاسماء الأشخاص |
| 942 |
_2ddc _cBK |
||
| 999 |
_c97151 _d97151 |
||